[Event "D14"]
[Site "?"]
[Date "2020.08.25"]
[Round "8.3"]
[White "Pawicka, Magdalena"]
[Black "Szopa, Emilia"]
[Result "1/2-1/2"]
[BlackElo "1214"]
[WhiteElo "1610"]
[LiveChessVersion "1.4.4"]

1. e4 {[%clk 0:15:19]} c5 {[%clk 0:15:19]} 2. Nf3 {[%clk 0:15:28]} Nc6
{[%clk 0:15:28]} 3. d4 {[%clk 0:15:37]} cxd4 {[%clk 0:15:37]} 4. Nxd4
{[%clk 0:15:46]} Nf6 {[%clk 0:15:46]} 5. Nc3 {[%clk 0:15:55]} e5 {[%clk 0:15:55]}
6. Ndb5 {[%clk 0:16:03]} d6 {[%clk 0:16:04]} 7. Bg5 {[%clk 0:16:08]} a6
{[%clk 0:16:13]} 8. Na3 {[%clk 0:16:16]} b5 {[%clk 0:16:22]} 9. Bxf6
{[%clk 0:16:25]} Qxf6 {[%clk 0:15:51]} 10. Nd5 {[%clk 0:16:32]} Qd8
{[%clk 0:15:59]} 11. c4 {[%clk 0:16:17]} b4 {[%clk 0:16:00]} 12. Nc2
{[%clk 0:16:26]} a5 {[%clk 0:16:05]} 13. Be2 {[%clk 0:15:57]} Be7
{[%clk 0:15:45]} 14. Qd3 {[%clk 0:15:33]} Bg5 {[%clk 0:15:20]} 15. Rd1
{[%clk 0:15:25]} O-O {[%clk 0:14:39]} 16. O-O {[%clk 0:14:59]} f5
{[%clk 0:13:48]} 17. Nde3 {[%clk 0:11:31]} Ne7 {[%clk 0:12:17]} 18. exf5
{[%clk 0:10:05]} Bxf5 {[%clk 0:11:36]} 19. Qxd6 {[%clk 0:09:21]} Qxd6
{[%clk 0:11:08]} 20. Rxd6 {[%clk 0:09:30]} Bxc2 {[%clk 0:10:53]} 21. Nxc2
{[%clk 0:09:37]} Rad8 {[%clk 0:09:59]} 22. Rfd1 {[%clk 0:09:40]} Nf5
{[%clk 0:09:03]} 23. Rxd8 {[%clk 0:09:45]} Rxd8 {[%clk 0:09:11]} 24. Rxd8+
{[%clk 0:09:21]} Bxd8 {[%clk 0:09:18]} 25. Bg4 {[%clk 0:07:47]} Nd4
{[%clk 0:06:28]} 26. Ne3 {[%clk 0:05:16]} Bb6 {[%clk 0:05:34]} 27. Kf1
{[%clk 0:04:23]} Kf7 {[%clk 0:04:55]} 28. Ke1 {[%clk 0:04:26]} b3
{[%clk 0:04:47]} 29. axb3 {[%clk 0:03:43]} Nxb3 {[%clk 0:04:55]} 30. Kd1
{[%clk 0:02:47]} Bc5 {[%clk 0:03:21]} 31. Kc2 {[%clk 0:02:39]} Nd4+
{[%clk 0:03:21]} 32. Kd3 {[%clk 0:02:45]} Ke7 {[%clk 0:03:05]} 33. Ke4
{[%clk 0:02:12]} Kd6 {[%clk 0:02:42]} 34. Bf5 {[%clk 0:01:16]} g6
{[%clk 0:02:23]} 35. Bc8 {[%clk 0:01:02]} Nc6 {[%clk 0:01:30]} 36. Ng4
{[%clk 0:00:29]} a4 {[%clk 0:00:47]} 37. Bb7 {[%clk 0:00:15]} Bd4
{[%clk 0:00:46]} 38. Bxc6 {[%clk 0:00:24]} Kxc6 {[%clk 0:00:55]} 39. Nxe5+
{[%clk 0:00:33]} Bxe5 {[%clk 0:01:01]} 40. Kxe5 {[%clk 0:00:37]} Kc5
{[%clk 0:01:10]} 41. f4 {[%clk 0:00:23]} Kxc4 {[%clk 0:01:19]} 42. g4
{[%clk 0:00:33]} Kb3 {[%clk 0:01:26]} 43. f5 {[%clk 0:00:33]} gxf5
{[%clk 0:01:30]} 44. gxf5 {[%clk 0:00:42]} Kxb2 {[%clk 0:01:39]} 45. f6
{[%clk 0:00:51]} a3 {[%clk 0:01:48]} 46. f7 {[%clk 0:00:59]} a2 {[%clk 0:01:55]}
47. f8=Q {[%clk 0:01:06]} a1=Q {[%clk 0:02:02]} 48. Qf2+ {[%clk 0:00:19]} Kb3+
{[%clk 0:01:59]} 49. Kf5 {[%clk 0:00:16]} Qa5+ {[%clk 0:01:58]} 50. Kg4
{[%clk 0:00:21]} Qa4+ {[%clk 0:01:45]} 51. Qf4 {[%clk 0:00:28]} Qd7+
{[%clk 0:01:54]} 52. Kh4 {[%clk 0:00:21]} Qe7+ {[%clk 0:01:29]} 53. Kh5
{[%clk 0:00:22]} Qe8+ {[%clk 0:00:57]} 54. Kh4 {[%clk 0:00:24]} Qe7+
{[%clk 0:00:57]} 55. Kg3 {[%clk 0:00:22]} Qe1+ {[%clk 0:00:42]} 56. Kh3
{[%clk 0:00:15]} Qe6+ {[%clk 0:00:50]} 57. Kh4 {[%clk 0:00:19]} Qe7+
{[%clk 0:00:58]} 58. Kg4 {[%clk 0:00:26]} Qg7+ {[%clk 0:00:46]} 59. Qg5
{[%clk 0:00:22]} Qd4+ {[%clk 0:00:50]} 60. Kh5 {[%clk 0:00:26]} Qd1+
{[%clk 0:00:51]} 61. Kh6 {[%clk 0:00:31]} Qd6+ {[%clk 0:00:59]} 62. Kxh7
{[%clk 0:00:27]} Qxh2+ {[%clk 0:01:08]} 63. Kg6 {[%clk 0:00:36]} Qd6+
{[%clk 0:01:16]} 1/2-1/2

[Event "D14"]
[Site "?"]
[Date "2020.08.25"]
[Round "8.4"]
[White "Kucharska, Helena"]
[Black "Mroz, Lena"]
[Result "0-1"]
[BlackElo "1459"]
[WhiteElo "1421"]
[LiveChessVersion "1.4.4"]

1. e4 c5 2. Nf3 Nc6 3. Bb5 Qb6 4. c4 e6 5. Nc3 a6 6. Bxc6 Qxc6 7. d4 cxd4 8. Qxd4
d6 9. Be3 Nf6 10. O-O Be7 11. Rfd1 O-O 12. Rac1 Rb8 13. a4 b6 14. b4 Qc7 15. Nd2
Ng4 16. f3 Ne5 17. Ne2 Bf6 18. Kh1 Nxf3 19. Qd3 Ne5 20. Qa3 Ng4 21. Bg1 Rd8 22.
Nf3 Ne5 23. c5 bxc5 24. bxc5 Nxf3 25. cxd6 Qa5 26. gxf3 Bb2 27. Qd3 Bxc1 28. Rxc1
Qxa4 29. e5 Bb7 30. Rc7 Bd5 31. Nd4 Rbc8 32. Re7 Rd7 33. Rxd7 Qxd7 34. Qxa6 h6
35. Qb6 f6 36. exf6 gxf6 37. Bf2 e5 38. Nb5 Bxf3+ 39. Kg1 Rc1+ 40. Be1 Qg7+ 41.
Kf2 Qg2+ 42. Ke3 Qe2# 0-1

[Event "D14"]
[Site "?"]
[Date "2020.08.25"]
[Round "8.5"]
[White "Zabrzanska, Weronika"]
[Black "Rejniak, Zuzanna"]
[Result "1-0"]
[BlackElo "1474"]
[WhiteElo "1654"]
[LiveChessVersion "1.4.4"]

1. e4 c5 2. c3 Nf6 3. e5 Nd5 4. d4 cxd4 5. Qxd4 e6 6. Nf3 Nc6 7. Qe4 d6 8. Bb5
Bd7 9. c4 Nc7 10. exd6 Bxd6 11. O-O O-O 12. Rd1 Qe7 13. Nc3 a6 14. Ba4 Rad8 15.
Bc2 f5 16. Qe2 h6 17. a3 e5 18. Be3 e4 19. Nd4 Be5 20. Nd5 Nxd5 21. cxd5 Nxd4 22.
Bxd4 Bb5 23. Qe3 Kh8 24. Bc5 Bd6 25. b4 Rc8 26. Bxd6 Qxd6 27. Bb3 Bc4 28. Rac1
Bxb3 29. Qxb3 Rfd8 30. Rc2 Rc7 31. Rxc7 Qxc7 32. b5 axb5 33. Qxb5 Qd7 34. Qb6 Rc8
35. Qd4 Qd6 36. a4 Rc5 37. g3 Ra5 38. Qc4 Rc5 39. Qb3 b6 40. f3 exf3 41. Qxf3 f4
42. Qxf4 Qd8 43. d6 b5 44. d7 bxa4 45. Qe3 Ra5 46. Qe8+ 1-0

[Event "D14"]
[Site "?"]
[Date "2020.08.25"]
[Round "8.6"]
[White "Barwinska, Ewa"]
[Black "Zalog, Aleksandra"]
[Result "1-0"]
[BlackElo "1379"]
[WhiteElo "1567"]
[LiveChessVersion "1.4.4"]

1. e4 c6 2. d4 d5 3. Nc3 e6 4. e5 c5 5. Bb5+ Bd7 6. Bxd7+ Qxd7 7. Nge2 Nc6 8. f4
Nh6 9. Be3 Nf5 10. Bf2 cxd4 11. Nxd4 Ncxd4 12. Bxd4 Bb4 13. O-O Bxc3 14. bxc3 O-O
15. Qd3 Qa4 16. g4 Nxd4 17. cxd4 Rac8 18. Rf2 Rc4 19. Rd1 Qxa2 20. f5 Rfc8 21.
fxe6 Rxc2 22. exf7+ Kf8 23. Rdf1 g6 24. Qe3 Rxf2 25. Rxf2 Qb1+ 26. Rf1 Qe4 27.
Qh6+ Ke7 28. f8=Q+ Rxf8 29. Qxf8+ Kd7 30. Qd6+ 1-0

[Event "D14"]
[Site "?"]
[Date "2020.08.25"]
[Round "8.7"]
[White "Lach, Alicja"]
[Black "Giemza, Julia"]
[Result "0-1"]
[BlackElo "1472"]
[WhiteElo "1272"]
[LiveChessVersion "1.4.4"]

1. e4 {[%clk 0:15:18]} c5 {[%clk 0:15:19]} 2. Nf3 {[%clk 0:15:27]} e6
{[%clk 0:15:28]} 3. d4 {[%clk 0:15:35]} cxd4 {[%clk 0:15:37]} 4. Nxd4
{[%clk 0:15:44]} Qb6 {[%clk 0:15:46]} 5. Nc3 {[%clk 0:15:49]} Bc5
{[%clk 0:15:54]} 6. Be3 {[%clk 0:15:04]} Nc6 {[%clk 0:16:02]} 7. Nxc6
{[%clk 0:14:56]} Bxe3 {[%clk 0:16:05]} 8. fxe3 {[%clk 0:15:04]} Qxe3+
{[%clk 0:16:13]} 9. Qe2 {[%clk 0:15:00]} Qxe2+ {[%clk 0:16:19]} 10. Bxe2
{[%clk 0:15:08]} bxc6 {[%clk 0:16:02]} 11. O-O {[%clk 0:15:00]} Ne7
{[%clk 0:16:07]} 12. Rad1 {[%clk 0:15:06]} O-O {[%clk 0:16:10]} 13. Na4
{[%clk 0:14:54]} d5 {[%clk 0:15:47]} 14. exd5 {[%clk 0:14:41]} cxd5
{[%clk 0:15:55]} 15. Nc5 {[%clk 0:14:42]} Rb8 {[%clk 0:15:38]} 16. b3
{[%clk 0:14:50]} Nf5 {[%clk 0:14:31]} 17. Rf3 {[%clk 0:14:27]} Ne7
{[%clk 0:13:19]} 18. c3 {[%clk 0:14:13]} Nc6 {[%clk 0:12:39]} 19. b4
{[%clk 0:14:17]} Ne5 {[%clk 0:11:41]} 20. Re3 {[%clk 0:13:59]} Nd7
{[%clk 0:11:21]} 21. Nxd7 {[%clk 0:13:46]} Bxd7 {[%clk 0:11:30]} 22. a3
{[%clk 0:13:23]} Rfc8 {[%clk 0:11:21]} 23. Rd4 {[%clk 0:11:16]} Bb5
{[%clk 0:09:43]} 24. Bg4 {[%clk 0:10:52]} Rc7 {[%clk 0:09:17]} 25. g3
{[%clk 0:10:00]} Rbc8 {[%clk 0:08:20]} 26. Re1 {[%clk 0:08:17]} Rxc3
{[%clk 0:07:57]} 27. Ra1 {[%clk 0:08:23]} Ba4 {[%clk 0:07:10]} 28. Be2
{[%clk 0:08:17]} Bb3 {[%clk 0:06:08]} 29. Bb5 {[%clk 0:07:02]} Bc4
{[%clk 0:05:34]} 30. Ba4 {[%clk 0:06:44]} g6 {[%clk 0:04:45]} 31. Rf4
{[%clk 0:06:38]} Kg7 {[%clk 0:04:35]} 32. Bd7 {[%clk 0:05:45]} Rc7
{[%clk 0:04:36]} 33. Be8 {[%clk 0:05:48]} e5 {[%clk 0:04:19]} 34. Rf2
{[%clk 0:05:55]} f5 {[%clk 0:04:04]} 35. a4 {[%clk 0:06:02]} Kf8 {[%clk 0:03:53]}
36. Bb5 {[%clk 0:06:03]} Bxb5 {[%clk 0:03:56]} 37. axb5 {[%clk 0:06:11]} Rb3
{[%clk 0:03:44]} 38. Rd1 {[%clk 0:06:16]} Rd7 {[%clk 0:03:22]} 39. Re2
{[%clk 0:06:22]} e4 {[%clk 0:03:15]} 40. Red2 {[%clk 0:06:30]} Rxb4
{[%clk 0:03:11]} 41. Rxd5 {[%clk 0:06:38]} Rxd5 {[%clk 0:03:20]} 42. Rxd5
{[%clk 0:06:46]} Ke7 {[%clk 0:03:29]} 43. Rc5 {[%clk 0:06:40]} Kd6
{[%clk 0:03:33]} 44. Rc6+ {[%clk 0:06:49]} Kd5 {[%clk 0:03:41]} 45. Rc7
{[%clk 0:06:57]} Rxb5 {[%clk 0:03:48]} 46. Rxa7 {[%clk 0:07:05]} Rb6
{[%clk 0:03:33]} 47. Ra4 {[%clk 0:07:05]} Rc6 {[%clk 0:03:35]} 48. Kf1
{[%clk 0:07:11]} h6 {[%clk 0:03:41]} 49. Ke1 {[%clk 0:07:18]} g5 {[%clk 0:03:46]}
50. Ra5+ {[%clk 0:07:25]} Rc5 {[%clk 0:03:53]} 51. Ra6 {[%clk 0:07:33]} Rc6
{[%clk 0:03:57]} 52. Ra5+ {[%clk 0:07:42]} Ke6 {[%clk 0:03:49]} 53. Kd2
{[%clk 0:07:51]} Rd6+ {[%clk 0:03:57]} 54. Ke3 {[%clk 0:07:57]} Rd3+
{[%clk 0:04:03]} 55. Ke2 {[%clk 0:08:04]} Rd6 {[%clk 0:04:11]} 56. Ke3
{[%clk 0:08:12]} Rb6 {[%clk 0:04:20]} 57. Ra3 {[%clk 0:08:17]} h5
{[%clk 0:04:25]} 58. h4 {[%clk 0:08:11]} gxh4 {[%clk 0:04:19]} 59. gxh4
{[%clk 0:08:19]} Rd6 {[%clk 0:04:15]} 60. Ra5 {[%clk 0:08:19]} Rd3+
{[%clk 0:04:20]} 61. Kf4 {[%clk 0:08:28]} Rf3+ {[%clk 0:04:28]} 62. Kg5
{[%clk 0:08:36]} e3 {[%clk 0:04:33]} 63. Ra3 {[%clk 0:08:44]} f4 {[%clk 0:04:31]}
64. Kxh5 {[%clk 0:08:52]} Rg3 {[%clk 0:04:37]} 65. Ra4 {[%clk 0:08:56]} Ke5
{[%clk 0:04:40]} 66. Ra8 {[%clk 0:08:53]} Ke4 {[%clk 0:04:45]} 67. Re8+
{[%clk 0:09:00]} Kf3 {[%clk 0:04:54]} 68. Re7 {[%clk 0:09:07]} e2
{[%clk 0:05:02]} 69. Re8 {[%clk 0:09:15]} Kf2 {[%clk 0:05:10]} 70. Rf8
{[%clk 0:09:22]} f3 {[%clk 0:05:17]} 71. Re8 {[%clk 0:09:29]} e1=Q
{[%clk 0:05:23]} 72. Rxe1 {[%clk 0:09:36]} Kxe1 {[%clk 0:05:32]} 73. Kh6
{[%clk 0:09:45]} f2 {[%clk 0:05:41]} 74. h5 {[%clk 0:09:52]} f1=Q
{[%clk 0:05:46]} 75. Kh7 {[%clk 0:10:01]} Qf7+ {[%clk 0:05:52]} 76. Kh6
{[%clk 0:10:09]} Qg7# {[%clk 0:06:00]} 0-1

[Event "D14"]
[Site "?"]
[Date "2020.08.25"]
[Round "9.1"]
[White "Mroz, Lena"]
[Black "Starosta, Martyna"]
[Result "0-1"]
[BlackElo "1800"]
[WhiteElo "1459"]
[LiveChessVersion "1.4.4"]

1. e4 {[%clk 0:15:18]} e5 {[%clk 0:15:20]} 2. Nf3 {[%clk 0:15:26]} Nc6
{[%clk 0:15:29]} 3. d4 {[%clk 0:15:27]} exd4 {[%clk 0:15:37]} 4. Nxd4
{[%clk 0:15:36]} Nf6 {[%clk 0:15:47]} 5. Nxc6 {[%clk 0:15:39]} bxc6
{[%clk 0:15:56]} 6. e5 {[%clk 0:15:48]} Qe7 {[%clk 0:16:05]} 7. Qe2
{[%clk 0:15:56]} Nd5 {[%clk 0:16:14]} 8. c4 {[%clk 0:16:02]} Nb6 {[%clk 0:16:23]}
9. Nc3 {[%clk 0:16:07]} a5 {[%clk 0:16:23]} 10. b3 {[%clk 0:15:16]} a4
{[%clk 0:16:25]} 11. Bb2 {[%clk 0:14:10]} Qe6 {[%clk 0:15:25]} 12. Rc1
{[%clk 0:13:01]} Bb4 {[%clk 0:15:05]} 13. g3 {[%clk 0:07:37]} O-O
{[%clk 0:14:26]} 14. Bg2 {[%clk 0:06:11]} axb3 {[%clk 0:13:31]} 15. axb3
{[%clk 0:06:19]} d5 {[%clk 0:12:13]} 16. exd6 {[%clk 0:02:30]} Ra2
{[%clk 0:11:25]} 17. Qxe6 {[%clk 0:01:37]} fxe6 {[%clk 0:11:28]} 18. Ba1
{[%clk 0:00:30]} Rxa1 {[%clk 0:11:23]} 19. Rxa1 {[%clk 0:00:29]} Bxc3+
{[%clk 0:11:32]} 20. Ke2 {[%clk 0:00:38]} Bxa1 {[%clk 0:11:41]} 21. Rxa1
{[%clk 0:00:47]} cxd6 {[%clk 0:11:42]} 22. Bxc6 {[%clk 0:00:55]} Bd7
{[%clk 0:11:25]} 23. Bg2 {[%clk 0:00:25]} d5 {[%clk 0:11:11]} 24. c5
{[%clk 0:00:34]} Bb5+ {[%clk 0:11:15]} 25. Ke3 {[%clk 0:00:43]} Nd7
{[%clk 0:11:09]} 26. Ra5 {[%clk 0:00:48]} Rb8 {[%clk 0:10:37]} 27. Kd4
{[%clk 0:00:47]} Bc6 {[%clk 0:10:05]} 28. Ra3 {[%clk 0:00:22]} e5+
{[%clk 0:10:01]} 29. Kd3 {[%clk 0:00:27]} Nxc5+ {[%clk 0:10:06]} 30. Kc2
{[%clk 0:00:34]} e4 {[%clk 0:09:53]} 31. Kc3 {[%clk 0:00:23]} Rf8
{[%clk 0:09:23]} 32. Ra2 {[%clk 0:00:16]} Nd3 {[%clk 0:09:14]} 33. f3
{[%clk 0:00:12]} Ne1 {[%clk 0:08:33]} 34. fxe4 {[%clk 0:00:20]} Nxg2
{[%clk 0:08:35]} 35. Rxg2 {[%clk 0:00:29]} dxe4 {[%clk 0:08:44]} 36. Re2
{[%clk 0:00:29]} Rf3+ {[%clk 0:08:34]} 37. Kc4 {[%clk 0:00:29]} e3
{[%clk 0:08:08]} 38. b4 {[%clk 0:00:18]} Bd7 {[%clk 0:06:29]} 39. Kd4
{[%clk 0:00:16]} Bb5 {[%clk 0:06:29]} 40. Rxe3 {[%clk 0:00:21]} Rxe3
{[%clk 0:06:37]} 41. Kxe3 {[%clk 0:00:30]} Kf7 {[%clk 0:06:46]} 42. Kd4
{[%clk 0:00:39]} Kf6 {[%clk 0:06:56]} 43. Kc5 {[%clk 0:00:48]} Ba6
{[%clk 0:06:56]} 44. Kd6 {[%clk 0:00:28]} Kf5 {[%clk 0:06:53]} 45. Ke7
{[%clk 0:00:34]} g5 {[%clk 0:06:54]} 46. Kf7 {[%clk 0:00:35]} h5 {[%clk 0:06:59]}
47. h3 {[%clk 0:00:32]} Bf1 {[%clk 0:06:54]} 48. Kg7 {[%clk 0:00:25]} Bxh3
{[%clk 0:06:59]} 49. b5 {[%clk 0:00:34]} Bg2 {[%clk 0:07:08]} 50. b6
{[%clk 0:00:43]} Kg4 {[%clk 0:07:15]} 51. Kh6 {[%clk 0:00:51]} h4
{[%clk 0:07:23]} 0-1

[Event "D14"]
[Site "?"]
[Date "2020.08.25"]
[Round "9.2"]
[White "Obrochta, Lena"]
[Black "Barwinska, Ewa"]
[Result "1/2-1/2"]
[BlackElo "1567"]
[WhiteElo "1504"]
[LiveChessVersion "1.4.4"]

1. e4 {[%clk 0:15:18]} c5 {[%clk 0:15:19]} 2. Nf3 {[%clk 0:15:26]} d6
{[%clk 0:15:28]} 3. d4 {[%clk 0:15:35]} cxd4 {[%clk 0:15:37]} 4. Nxd4
{[%clk 0:15:44]} Nf6 {[%clk 0:15:45]} 5. Nc3 {[%clk 0:15:53]} a6 {[%clk 0:15:54]}
6. f4 {[%clk 0:16:02]} e5 {[%clk 0:15:53]} 7. Nf3 {[%clk 0:16:10]} Qc7
{[%clk 0:16:01]} 8. a4 {[%clk 0:16:14]} Be7 {[%clk 0:15:57]} 9. Bd3
{[%clk 0:16:06]} Be6 {[%clk 0:16:02]} 10. O-O {[%clk 0:16:12]} O-O
{[%clk 0:16:06]} 11. Kh1 {[%clk 0:16:13]} h6 {[%clk 0:16:12]} 12. Qe1
{[%clk 0:15:32]} Nbd7 {[%clk 0:16:05]} 13. Bd2 {[%clk 0:14:12]} exf4
{[%clk 0:16:11]} 14. Bxf4 {[%clk 0:14:20]} Ne5 {[%clk 0:16:16]} 15. Nxe5
{[%clk 0:14:09]} dxe5 {[%clk 0:16:20]} 16. Be3 {[%clk 0:13:40]} Kh8
{[%clk 0:14:30]} 17. Ne2 {[%clk 0:13:00]} Ng4 {[%clk 0:10:29]} 18. Bg1
{[%clk 0:12:04]} Bc5 {[%clk 0:10:11]} 19. Bxc5 {[%clk 0:08:13]} Qxc5
{[%clk 0:10:20]} 20. Ng3 {[%clk 0:08:21]} Qe7 {[%clk 0:07:58]} 21. Nf5
{[%clk 0:07:06]} Bxf5 {[%clk 0:07:45]} 22. Rxf5 {[%clk 0:07:08]} g6
{[%clk 0:07:07]} 23. Rf1 {[%clk 0:06:56]} Kg7 {[%clk 0:06:13]} 24. h3
{[%clk 0:06:05]} Nf6 {[%clk 0:06:18]} 25. Qh4 {[%clk 0:05:35]} g5
{[%clk 0:04:26]} 1/2-1/2

[Event "D14"]
[Site "?"]
[Date "2020.08.25"]
[Round "9.3"]
[White "Szopa, Emilia"]
[Black "Zabrzanska, Weronika"]
[Result "1/2-1/2"]
[BlackElo "1654"]
[WhiteElo "1214"]
[LiveChessVersion "1.4.4"]

1. e4 {[%clk 0:15:18]} e5 {[%clk 0:15:19]} 2. Nf3 {[%clk 0:15:26]} Nc6
{[%clk 0:15:28]} 3. Bc4 {[%clk 0:15:34]} Bc5 {[%clk 0:15:36]} 4. O-O
{[%clk 0:15:11]} Nf6 {[%clk 0:15:45]} 5. d3 {[%clk 0:15:19]} d6 {[%clk 0:15:53]}
6. c3 {[%clk 0:15:28]} a6 {[%clk 0:15:55]} 7. Bb3 {[%clk 0:15:34]} h6
{[%clk 0:16:00]} 8. Nbd2 {[%clk 0:15:05]} O-O {[%clk 0:16:08]} 9. Re1
{[%clk 0:15:12]} Ba7 {[%clk 0:16:15]} 10. Nf1 {[%clk 0:15:19]} Re8
{[%clk 0:16:23]} 11. Ng3 {[%clk 0:15:24]} d5 {[%clk 0:16:20]} 12. h3
{[%clk 0:15:12]} dxe4 {[%clk 0:15:11]} 13. dxe4 {[%clk 0:14:55]} Qe7
{[%clk 0:15:20]} 14. Be3 {[%clk 0:14:39]} Bxe3 {[%clk 0:15:18]} 15. Rxe3
{[%clk 0:14:46]} Nh7 {[%clk 0:15:04]} 16. Qe2 {[%clk 0:14:00]} Qf6
{[%clk 0:14:15]} 17. Rd1 {[%clk 0:13:30]} Nf8 {[%clk 0:14:03]} 18. Ne1
{[%clk 0:11:57]} Be6 {[%clk 0:13:05]} 19. Rf3 {[%clk 0:11:41]} Qg6
{[%clk 0:11:35]} 20. Nf5 {[%clk 0:10:38]} Bxf5 {[%clk 0:10:54]} 21. Rxf5
{[%clk 0:09:28]} Ne6 {[%clk 0:10:44]} 22. Rd3 {[%clk 0:06:47]} Nf4
{[%clk 0:09:23]} 23. Qd1 {[%clk 0:05:15]} Rf8 {[%clk 0:08:19]} 24. Rg3
{[%clk 0:05:22]} Qd6 {[%clk 0:07:05]} 25. Qg4 {[%clk 0:05:17]} g6
{[%clk 0:06:52]} 26. Nd3 {[%clk 0:03:43]} Ne7 {[%clk 0:04:16]} 27. Nxf4
{[%clk 0:01:39]} exf4 {[%clk 0:03:24]} 28. Rxf4 {[%clk 0:01:25]} Kg7
{[%clk 0:02:43]} 29. Rgf3 {[%clk 0:00:41]} f6 {[%clk 0:01:51]} 30. Re3
{[%clk 0:00:18]} h5 {[%clk 0:01:18]} 31. Qg3 {[%clk 0:00:26]} Nc6
{[%clk 0:00:38]} 32. Rd3 {[%clk 0:00:33]} Qe7 {[%clk 0:00:41]} 33. Rff3
{[%clk 0:00:36]} Ne5 {[%clk 0:00:44]} 34. Rfe3 {[%clk 0:00:45]} Nxd3
{[%clk 0:00:52]} 35. Rxd3 {[%clk 0:00:53]} Rad8 {[%clk 0:00:58]} 36. Re3
{[%clk 0:01:01]} Qe5 {[%clk 0:00:58]} 37. Qf3 {[%clk 0:01:09]} Rd2
{[%clk 0:01:02]} 38. Rd3 {[%clk 0:01:15]} Rd8 {[%clk 0:01:01]} 39. Rxd8
{[%clk 0:01:16]} Rxd8 {[%clk 0:01:10]} 40. Qe2 {[%clk 0:01:20]} Qd6
{[%clk 0:01:05]} 41. Qc4 {[%clk 0:01:19]} Qd7 {[%clk 0:00:59]} 42. Kh2
{[%clk 0:01:10]} b5 {[%clk 0:01:03]} 43. Qd5 {[%clk 0:01:16]} Qe7
{[%clk 0:00:44]} 44. Qc6 {[%clk 0:01:20]} Qd6+ {[%clk 0:00:44]} 45. Qxd6
{[%clk 0:01:27]} Rxd6 {[%clk 0:00:53]} 46. c4 {[%clk 0:01:15]} b4
{[%clk 0:00:35]} 47. c5 {[%clk 0:00:39]} Rd2 {[%clk 0:00:40]} 48. Bc4
{[%clk 0:00:48]} Rxb2 {[%clk 0:00:24]} 49. Bxa6 {[%clk 0:00:51]} Rxa2
{[%clk 0:00:33]} 50. Bc4 {[%clk 0:00:54]} Rc2 {[%clk 0:00:41]} 51. Bb3
{[%clk 0:00:56]} Rxc5 {[%clk 0:00:49]} 52. f3 {[%clk 0:00:57]} Rc3
{[%clk 0:00:57]} 53. Bd5 {[%clk 0:01:06]} b3 {[%clk 0:01:06]} 1/2-1/2

[Event "D14"]
[Site "?"]
[Date "2020.08.25"]
[Round "9.4"]
[White "Arciszewska, Zuzanna"]
[Black "Pawicka, Magdalena"]
[Result "0-1"]
[BlackElo "1610"]
[WhiteElo "1515"]
[LiveChessVersion "1.4.4"]

1. d4 d5 2. c4 dxc4 3. e4 Nf6 4. e5 Nd5 5. Bxc4 Nb6 6. Bb3 Nc6 7. Nf3 Bg4 8. Be3
e6 9. Nbd2 Nd5 10. O-O Be7 11. h3 Bh5 12. Rc1 O-O 13. Ne4 Bg6 14. Nc5 Bxc5 15.
Rxc5 Nce7 16. Bg5 Qd7 17. Qd2 c6 18. Bc2 Bxc2 19. Rxc2 Nf5 20. Nh4 Nxh4 21. Bxh4
Ne7 22. Bxe7 Qxe7 23. Rd1 Rfd8 24. Qe3 Rd5 25. f4 Rad8 26. a3 c5 27. Rcd2 cxd4
28. Rxd4 Qc5 29. Qc3 Qb6 30. Kh2 Rxd4 0-1

[Event "D14"]
[Site "?"]
[Date "2020.08.25"]
[Round "9.5"]
[White "Siekanska, Maria"]
[Black "Kucharska, Helena"]
[Result "1-0"]
[BlackElo "1421"]
[WhiteElo "1609"]
[LiveChessVersion "1.4.4"]

1. d4 d5 2. c4 c6 3. cxd5 cxd5 4. Nc3 Nf6 5. Bf4 a6 6. Nf3 Nc6 7. Rc1 Bf5 8. e3
e6 9. Qb3 Qd7 10. Ne5 Nxe5 11. Bxe5 Bd6 12. Bxd6 Qxd6 13. Qa4+ Ke7 14. Be2 b5 15.
Qb3 Rhc8 16. O-O Nd7 17. Kh1 h5 18. f3 Rh8 19. e4 dxe4 20. fxe4 Bg4 21. Bxb5 axb5
22. Nxb5 Qb6 23. Qb4+ Kd8 24. Rxf7 Re8 25. h3 Be2 26. Rc7 Qxb5 27. Rfxd7+ Qxd7
28. Rxd7+ Kxd7 29. Qb7+ 1-0

[Event "D14"]
[Site "?"]
[Date "2020.08.25"]
[Round "9.6"]
[White "Egeman, Emilia"]
[Black "Tokarz, Izabela"]
[Result "0-1"]
[BlackElo "1533"]
[WhiteElo "1225"]
[LiveChessVersion "1.4.4"]

1. e4 c5 2. Nf3 d6 3. d4 cxd4 4. Nxd4 Nf6 5. Nc3 g6 6. Be3 Bg7 7. f3 O-O 8. Bc4
Nc6 9. Qd2 Bd7 10. g4 Rc8 11. Bb3 Nxd4 12. Bxd4 b5 13. g5 Nh5 14. Bxg7 Nxg7 15.
O-O-O a5 16. a3 b4 17. axb4 axb4 18. Nd5 Ne6 19. Qxb4 Nxg5 20. f4 Rb8 21. Qd4 Ne6
22. Qe3 Nc5 23. Bc4 Re8 24. b3 Qa5 25. h4 Bb5 26. Bxb5 Rxb5 27. h5 Qa1+ 28. Kd2
Qb2 29. Rh3 Nxb3+ 30. Ke1 Qxc2 31. hxg6 fxg6 32. f5 Nc5 33. fxg6 Qxe4 34. gxh7+
Kh8 35. Qxe4 Nxe4 36. Nf4 Rg5 37. Rdd3 Nf6 38. Rh6 Nxh7 39. Rdh3 Rg7 40. Ng6+ Kg8
41. Nf4 Ng5 42. Rh2 Nf3+ 43. Kf2 Nxh2 44. Rxh2 Rf8 45. Ke3 Rg3+ 46. Ke4 Rg4 47.
Rf2 e5 48. Kd5 Rfxf4 {[%clk 0:01:15]} 0-1

[Event "D14"]
[Site "?"]
[Date "2020.08.25"]
[Round "9.7"]
[White "Giemza, Julia"]
[Black "Bukala, Weronika"]
[Result "1-0"]
[BlackElo "1416"]
[WhiteElo "1472"]
[LiveChessVersion "1.4.4"]

1. e4 {[%clk 0:15:19]} Nf6 {[%clk 0:15:18]} 2. e5 {[%clk 0:15:27]} Nd5
{[%clk 0:15:27]} 3. c4 {[%clk 0:15:31]} Nb6 {[%clk 0:15:35]} 4. d4
{[%clk 0:15:38]} d6 {[%clk 0:15:44]} 5. exd6 {[%clk 0:15:42]} cxd6
{[%clk 0:15:52]} 6. Nf3 {[%clk 0:15:45]} Bg4 {[%clk 0:15:57]} 7. Nc3
{[%clk 0:15:43]} Nc6 {[%clk 0:16:02]} 8. Be3 {[%clk 0:15:45]} g6 {[%clk 0:16:03]}
9. h3 {[%clk 0:15:51]} Bxf3 {[%clk 0:16:01]} 10. Qxf3 {[%clk 0:15:55]} Bg7
{[%clk 0:16:07]} 11. Rd1 {[%clk 0:15:38]} O-O {[%clk 0:16:02]} 12. Be2
{[%clk 0:15:36]} Rc8 {[%clk 0:15:51]} 13. O-O {[%clk 0:15:20]} f5
{[%clk 0:14:55]} 14. g3 {[%clk 0:13:17]} e5 {[%clk 0:13:25]} 15. c5
{[%clk 0:10:49]} Nd7 {[%clk 0:07:19]} 16. dxe5 {[%clk 0:09:07]} Ncxe5
{[%clk 0:07:05]} 17. Qd5+ {[%clk 0:08:41]} Kh8 {[%clk 0:07:09]} 18. Qxd6
{[%clk 0:08:13]} Rc6 {[%clk 0:06:45]} 19. Qd2 {[%clk 0:08:05]} Qc8
{[%clk 0:05:33]} 20. f4 {[%clk 0:07:08]} Nxc5 {[%clk 0:03:18]} 21. fxe5
{[%clk 0:07:00]} Bxe5 {[%clk 0:03:25]} 22. Bd4 {[%clk 0:05:57]} Re8
{[%clk 0:03:19]} 23. Bxe5+ {[%clk 0:05:55]} Rxe5 {[%clk 0:03:25]} 24. Bf3
{[%clk 0:05:37]} Rce6 {[%clk 0:02:52]} 25. Qd4 {[%clk 0:05:04]} Qf8
{[%clk 0:02:11]} 26. Rfe1 {[%clk 0:04:29]} Qf6 {[%clk 0:01:37]} 27. Rxe5
{[%clk 0:04:14]} Rxe5 {[%clk 0:01:43]} 28. Nd5 {[%clk 0:03:41]} Qg7
{[%clk 0:00:52]} 29. Qxc5 {[%clk 0:03:34]} Qf7 {[%clk 0:00:53]} 30. Qd4
{[%clk 0:03:33]} Qe6 {[%clk 0:00:59]} 31. Rd3 {[%clk 0:03:16]} Kg8
{[%clk 0:00:58]} 32. Re3 {[%clk 0:03:09]} Rxe3 {[%clk 0:00:45]} 33. Qxe3
{[%clk 0:03:17]} Qf7 {[%clk 0:00:43]} 34. Qe7 {[%clk 0:03:11]} 1-0